01282nam a22002177a 450000500170000000800410001702000180005804000130007608200260008910000270011524500500014225000120019226000420020430000170024650000510026352006820031454600080099665000280100465000160103265000160104820260624180946.0260624m20071989|||||||| |||| 00| 0 eng d a9780781764339 cPK-LaUMT a616.9944907572bPAR-A1 aParedes, Ellen Shaw De10aAtlas of mammography /cEllen Shaw De Paredes a3rd ed. aPhiladelphia :bWolters Kluwer,c2007 aviii, 691 p. aIncludes bibliographical references and index. aFeaturing over 1,500 mammographic images, this atlas is a comprehensive guide to interpreting mammograms. It presents the full spectrum of manifestations of breast diseases, as well as cases involving the postsurgical and augmented breast. Chapters are organized according to the pattern seen on the mammogram to develop readers' pattern recognition skills and to allow quick and complete definition of etiologies and clinical implications for a particular finding. This edition includes new chapters on the augmented breast, the role of ultrasound and MRI in breast imaging, and imaging-guided breast interventions. The terminology of the BI-RADS(R) lexicon is used throughout aEng aBreast Cancer Diagnosis aMammography aradiography